| 000 | 00540nam a2200193Ia 4500 | ||
|---|---|---|---|
| 008 | 140429s9999 xx 000 0 und d | ||
| 020 | _a9789712354175 | ||
| 050 |
_aGT 3405 _b.R768 2009 |
||
| 100 | _aRomeo, Eloisa A. | ||
| 245 |
_aEvents management handbook / _cEloisa A. Romeo. |
||
| 260 |
_aManila : _bRex Book Store, _cc2009. |
||
| 300 |
_a86 p. : _c25 cm. |
||
| 500 | _aIncludes index. | ||
| 521 | _aBSBA | ||
| 650 |
_aSpecial events _xManagement. |
||
| 650 |
_aSpecial events _xPlanning. |
||
| 942 |
_kFOR _cBK |
||
| 999 |
_c115727 _d115727 |
||